000 00220nam a22000857a 4500
008 170109b xxu||||| |||| 00| 0 eng d
100 _92281
_aMisra.M.etal.
245 _aCCE.Social Science-X-T-I
260 _aNew Delhi
_bAPC
_c2011
999 _c5174
_d5174